| 000 | 00359nam a22001577a 4500 | ||
|---|---|---|---|
| 003 | SGT | ||
| 020 | _a9789352701070 | ||
| 082 |
_a616.07 _bP17N |
||
| 100 | _aNAYAK, RAMADAS | ||
| 245 | _aTB. OF PATHOLOGY FOR ALLIED HEALTH SCIENCES | ||
| 250 | _a1ST | ||
| 260 |
_aINDIA _bJAYPEE PUB _c2017 |
||
| 300 | _a405 | ||
| 650 | _aPATHOLOGY | ||
| 942 |
_2ddc _cBK _0130 |
||
| 999 |
_c21874 _d21874 |
||